[Event "Urals-ch 74th"]
[Site "Khanty-Mansiysk"]
[Date "2016.03.29"]
[Round "7"]
[White "Ly, Sen"]
[Black "Chursin, Aleksandr"]
[Result "0-1"]
[WhiteElo "1846"]
[BlackElo "1767"]
[PlyCount "52"]
[EventDate "2016.03.23"]
[EventType "swiss"]
[EventRounds "9"]
[EventCountry "RUS"]
[SourceTitle "CBM 171 Extra"]
[Source "ChessBase"]
[SourceDate "2016.04.26"]
[SourceVersion "1"]
[SourceVersionDate "2016.04.26"]
[SourceQuality "1"]

1. d4 Nf6 2. c4 c5 3. d5 b5 4. Nc3 b4 5. Na4 d6 6. Qc2 g6 7. e4 Bg7 8. f4 Qa5 9. e5 b3+ 10. Qd2 Qxa4 11. exf6 Bxf6 12. a3 0-0 13. Bd3 Na6 14. Rb1 e6 15. Ne2 exd5 16. 0-0 dxc4 17. Be4 c3 18. Qd3 c2 19. Ra1 Rb8 20. f5 Re8 21. Ng3 Qd4+ 22. Qxd4 Bxd4+ 23. Kh1 Bb7 24. Bxb7 Rxb7 25. fxg6 hxg6 26. h4 Rbe7 0-1

[Event "Urals-ch 74th"]
[Site "Khanty-Mansiysk"]
[Date "2016.03.26"]
[Round "4"]
[White "Sabirov, Timur"]
[Black "Ly, Sen"]
[Result "1-0"]
[WhiteElo "1823"]
[BlackElo "1846"]
[PlyCount "67"]
[EventDate "2016.03.23"]
[EventType "swiss"]
[EventRounds "9"]
[EventCountry "RUS"]
[SourceTitle "CBM 171 Extra"]
[Source "ChessBase"]
[SourceDate "2016.04.26"]
[SourceVersion "1"]
[SourceVersionDate "2016.04.26"]
[SourceQuality "1"]

1. c4 e5 2. e4 Bc5 3. Nc3 a6 4. g3 d6 5. Bg2 h5 6. h3 Nc6 7. Nge2 Nge7 8. 0-0 f5 9. d3 Be6 10. Nd5 Qd7 11. Kh2 0-0-0 12. a3 Rdg8 13. b4 Bd4 14. Nxd4 Nxd4 15. Bg5 Ng6 16. Rc1 f4 17. h4 Rf8 18. gxf4 exf4 19. f3 Kb8 20. Qe1 c5 21. bxc5 dxc5 22. Rb1 Bxd5 23. cxd5 Nc2 24. Qc3 Ne3 25. Rb6 Nxf1+ 26. Bxf1 Qe8 27. Qxg7 Ne7 28. Qxe7 Qc8 29. Bh3 Qc7 30. Qxc7+ Kxc7 31. Rf6 Rxf6 32. Bxf6 Rf8 33. Be7 Rg8 34. d6+ 1-0